[Event "6. Lovsprings EMT Basis 4 1994"]
[Site "Ringsted"]
[Date "1994.04.24"]]
[Round "4"]
[White "Kristensen, Benny"]
[Black "Krag Jacobsen, Alan"]
[Result "1-0"]
[WhiteElo "1340"]
[BlackElo "1278"]
[PlyCount "55"]
[EventDate "1994.??.??"]

1. e4 e5 2. Nf3 Nc6 3. Bb5 a6 4. Ba4 Nf6 5. O-O Be7 6. Re1 b5 7. Bb3 d6 8. c3
Na5 9. Bc2 Bg4 10. d4 Bxf3 11. Qxf3 exd4 12. cxd4 Nc6 13. Be3 Nd7 14. e5 Na5
15. exd6 cxd6 16. Bg5 f6 17. Qh5+ Kf8 18. Bd2 Nc4 19. Bc1 Rc8 20. Qe2 Qe8 21.
a4 Qf7 22. axb5 axb5 23. Ra7 Bd8 24. Bf5 Rc7 25. Ra8 g6 26. Bh6+ Kg8 27. Rxd8+
Nf8 28. Be6 1-0

[Event "6. Lovsprings EMT Basis 4 1994"]
[Site "Ringsted"]
[Date "1994.04.24"]]
[Round "4"]
[White "Larsen, Anders"]
[Black "Keinicke, Mads"]
[Result "1/2-1/2"]
[WhiteElo "1204"]
[BlackElo "1291"]
[PlyCount "136"]
[EventDate "1994.??.??"]

1. d4 Nf6 2. c4 g6 3. Bf4 Bg7 4. Nc3 O-O 5. e3 d6 6. Nf3 Nbd7 7. Be2 c5 8. d5
Nb6 9. Rc1 Bd7 10. O-O Nh5 11. Bg3 Nxg3 12. fxg3 Bf5 13. b3 Nd7 14. Nh4 Bh6 15.
Nxf5 gxf5 16. Qd2 e6 17. Bd3 Qe7 18. Rce1 Ne5 19. Qc2 Nxd3 20. Qxd3 a6 21. Kh1
Bg7 22. Rf4 Be5 23. Rh4 Kh8 24. Rh3 Qf6 25. Nd1 Qg6 26. Nf2 Rg8 27. Qd2 Qg7 28.
Rc1 Rad8 29. Nd3 b6 30. Nxe5 Qxe5 31. Re1 Rg4 32. Rh5 Rdg8 33. dxe6 fxe6 34.
Rd1 Rd8 35. Rh4 Rxh4 36. gxh4 d5 37. Qf2 d4 38. Qf4 Qxf4 39. exf4 Kg7 40. Kg1
Kf6 41. Kf2 h5 42. Kf3 Rg8 43. a3 b5 44. b4 bxc4 45. bxc5 d3 46. Ke3 Rd8 47. h3
Rd5 48. c6 Rc5 49. Kd4 Rxc6 50. a4 a5 51. g3 Ke7 52. Rg1 d2 53. Kc3 Rd6 54. Rd1
Rd3+ 55. Kxc4 Rxg3 56. Kb5 Rxh3 57. Kxa5 Rxh4 58. Kb6 Rxf4 59. a5 Rb4+ 60. Kc5
Rb2 61. a6 Ra2 62. Kb6 Kd6 63. Kb7 Kd7 64. Rb1 Ke7 65. Rd1 Rb2+ 66. Kc7 Ra2 67.
Kb7 Rb2+ 68. Kc7 h4 1/2-1/2

[Event "6. Lovsprings EMT Basis 4 1994"]
[Site "Ringsted"]
[Date "1994.04.24"]]
[Round "4"]
[White "Larsen, Jesper Dyberg"]
[Black "Riise, Kim"]
[Result "0-1"]
[WhiteElo "1378"]
[BlackElo "1308"]
[PlyCount "74"]
[EventDate "1994.??.??"]

1. e4 c6 2. d4 d5 3. e5 Bf5 4. Nf3 e6 5. Bd3 Bxd3 6. Qxd3 Nd7 7. O-O c5 8. c3
c4 9. Qc2 b5 10. b3 cxb3 11. axb3 Qc7 12. Qd3 Qb7 13. Nbd2 Ne7 14. c4 dxc4 15.
bxc4 bxc4 16. Nxc4 Nd5 17. Ba3 Bxa3 18. Qxa3 Qb4 19. Nd6+ Ke7 20. Rfb1 Qxa3 21.
Rxa3 a6 22. Nd2 Rhb8 23. Rab3 Rxb3 24. Rxb3 a5 25. N2e4 a4 26. Ra3 Rb8 27. g3
Rb4 28. Nc5 N7b6 29. Rd3 Nc7 30. Kg2 Nb5 31. Nxb5 Rxb5 32. f4 Rb4 33. Kf3 Nc4
34. Ke4 a3 35. Rb3 Nd2+ 36. Kd3 Nxb3 37. Nxb3 Rxb3+ 0-1

[Event "6. Lovsprings EMT Basis 4 1994"]
[Site "Ringsted"]
[Date "1994.04.24"]]
[Round "4"]
[White "Steffensen, Hans Henrik"]
[Black "Rasmussen, Bent"]
[Result "1/2-1/2"]
[WhiteElo "1411"]
[BlackElo "1302"]
[PlyCount "88"]
[EventDate "1994.??.??"]

1. e4 e5 2. Nf3 d6 3. Bc4 Be7 4. d4 Bg4 5. dxe5 dxe5 6. Qxd8+ Bxd8 7. Nxe5 Be6
8. Bxe6 fxe6 9. b3 Bf6 10. Bb2 Nc6 11. Nd3 O-O-O 12. Nc3 Nh6 13. O-O-O Ng4 14.
Kb1 Nd4 15. h3 Ne5 16. Nf4 Nec6 17. Na4 e5 18. Nh5 Ne6 19. Nxf6 gxf6 20. Nc3
Rxd1+ 21. Rxd1 Ne7 22. g3 a6 23. h4 Rd8 24. Rd3 Rxd3 25. cxd3 c5 26. Bc1 b6 27.
f4 exf4 28. gxf4 Kd7 29. Ne2 f5 30. Ng3 Nd4 31. h5 Ke6 32. Kb2 Nec6 33. Bd2 a5
34. Bc3 h6 35. Bd2 Nb4 36. Bxb4 axb4 37. a3 bxa3+ 38. Kxa3 b5 39. Kb2 b4 40.
Ka2 Nc2 41. Nxf5 Kf6 42. Nxh6 Ne3 43. e5+ Ke6 44. Kb2 Nd5 1/2-1/2

[Event "6. Lovsprings EMT Basis 4 1994"]
[Site "Ringsted"]
[Date "1994.04.24"]]
[Round "4"]
[White "Steffensen, Ole"]
[Black "Nielsen, Kurt"]
[Result "0-1"]
[WhiteElo "1300"]
[BlackElo "1286"]
[PlyCount "54"]
[EventDate "1994.??.??"]

1. e4 c6 2. d4 d5 3. e5 Bf5 4. Nf3 h6 5. a3 e6 6. Be2 Ne7 7. Nbd2 c5 8. Nf1 Qc7
9. c3 Nd7 10. Ng3 Bh7 11. O-O Nc6 12. Be3 c4 13. Qd2 Be7 14. Bd1 Na5 15. Nh5
Rg8 16. Ng3 g5 17. Ne2 g4 18. Ne1 Qb6 19. Bf4 O-O-O 20. Bg3 f6 21. Kh1 fxe5 22.
Bxe5 Nxe5 23. dxe5 Be4 24. f3 gxf3 25. Nxf3 Rdf8 26. Ra2 Bg5 27. Nxg5 Rxf1+ 0-1

[Event "6. Lovsprings EMT Basis 4 1994"]
[Site "Ringsted"]
[Date "1994.04.24"]]
[Round "4"]
[White "Youssef, Samir"]
[Black "Larsen, Ole"]
[Result "1-0"]
[WhiteElo "1344"]
[BlackElo "1418"]
[PlyCount "49"]
[EventDate "1994.??.??"]

1. e4 e5 2. Nf3 Nc6 3. Bb5 a6 4. Ba4 b5 5. Bb3 Bc5 6. c3 Nf6 7. d4 exd4 8. cxd4
Bb4+ 9. Nc3 Nxe4 10. O-O Bxc3 11. bxc3 O-O 12. d5 Ne7 13. Bc2 Nf6 14. d6 cxd6
15. Qxd6 Bb7 16. Bg5 Nc8 17. Qg3 Qb6 18. Rfe1 Bd5 19. Nd4 Nh5 20. Qh4 g6 21. g4
Ng7 22. Bf6 Ne8 23. Rxe8 Rxe8 24. Nf5 Re6 25. Qh6 1-0

[Event "6. Lovsprings EMT Basis 4 1994"]
[Site "Ringsted"]
[Date "1994.05.01"]]
[Round "5"]
[White "Brons, Brian"]
[Black "Steffensen, Hans Henrik"]
[Result "1/2-1/2"]
[WhiteElo "1284"]
[BlackElo "1411"]
[PlyCount "75"]
[EventDate "1994.??.??"]

1. e4 e6 2. d4 b6 3. Nf3 Bb7 4. Bd3 c5 5. c3 Nf6 6. Bg5 Be7 7. Bxf6 Bxf6 8. e5
Be7 9. O-O d6 10. Nbd2 O-O 11. Be4 Nc6 12. Re1 d5 13. Bc2 b5 14. a4 a6 15. axb5
axb5 16. dxc5 Bxc5 17. Nb3 Bb6 18. Qd3 g6 19. Rxa8 Bxa8 20. Qxb5 Qc7 21. Qa4 f6
22. exf6 Qf7 23. Qg4 e5 24. Qh4 Qxf6 25. Qxf6 Rxf6 26. Rf1 Bb7 27. Rd1 e4 28.
Nfd4 Nxd4 29. Nxd4 Bxd4 30. Rxd4 Ra6 31. h3 Rb6 32. b3 Ra6 33. Kh2 Ra2 34. Rd2
Ba6 35. c4 dxc4 36. bxc4 Bxc4 37. Rd8+ Kg7 38. Bxe4 1/2-1/2

[Event "6. Lovsprings EMT Basis 4 1994"]
[Site "Ringsted"]
[Date "1994.05.01"]]
[Round "5"]
[White "Jensen, Finn Anker"]
[Black "Larsen, Jesper Dyberg"]
[Result "0-1"]
[WhiteElo "1280"]
[BlackElo "1378"]
[PlyCount "58"]
[EventDate "1994.??.??"]

1. c4 e5 2. Nc3 Nf6 3. e4 Bc5 4. Nf3 Nc6 5. Be2 d6 6. h3 Be6 7. a3 Nd4 8. Nxd4
Bxd4 9. Qc2 O-O 10. Nb5 Bb6 11. d3 a6 12. Nc3 Nd7 13. Bf3 f5 14. exf5 Bxf5 15.
Be3 Bxe3 16. fxe3 Qh4+ 17. Kd2 Nc5 18. e4 Qf2+ 19. Kd1 Qxc2+ 20. Kxc2 Bg6 21.
b4 Ne6 22. Nd5 Nd4+ 23. Kc3 Rf7 24. Ne3 Raf8 25. Rhf1 Nxf3 26. Nf5 Nd4 27. g4
Bxf5 28. gxf5 g6 29. Ra2 gxf5 0-1

[Event "6. Lovsprings EMT Basis 4 1994"]
[Site "Ringsted"]
[Date "1994.05.01"]]
[Round "5"]
[White "Keinicke, Mads"]
[Black "Tanggaard, Stig"]
[Result "0-1"]
[WhiteElo "1291"]
[BlackElo "1354"]
[PlyCount "36"]
[EventDate "1994.??.??"]

1. e4 c5 2. Nf3 d6 3. d4 cxd4 4. Nxd4 Nf6 5. Nc3 g6 6. Bd3 Bg7 7. O-O O-O 8.
Be3 Nc6 9. a3 Ng4 10. Nxc6 bxc6 11. Bd2 Qb6 12. Rb1 Ne5 13. Be3 Qa5 14. h3 Nxd3
15. Qxd3 Ba6 16. Qd2 Bxf1 17. Rxf1 Rab8 18. Rb1 Bxc3 0-1

[Event "6. Lovsprings EMT Basis 4 1994"]
[Site "Ringsted"]
[Date "1994.05.01"]]
[Round "5"]
[White "Krag Jacobsen, Alan"]
[Black "Kemp, Arne"]
[Result "1-0"]
[WhiteElo "1278"]
[BlackElo "1279"]
[PlyCount "87"]
[EventDate "1994.??.??"]

1. d4 d5 2. c4 e6 3. e3 Nf6 4. Nf3 Nbd7 5. a3 c5 6. cxd5 Nxd5 7. Bd2 N7f6 8.
Nc3 Bd7 9. Bd3 Rc8 10. Nxd5 exd5 11. dxc5 Bxc5 12. Bc3 O-O 13. h3 Re8 14. b4
Bb6 15. Bb2 a6 16. O-O Bc6 17. Ne5 d4 18. Nxc6 Rxc6 19. b5 Rd6 20. Qc2 a5 21.
e4 Rde6 22. Rfe1 Qd6 23. Bc1 Qc5 24. Qxc5 Bxc5 25. f3 Nd7 26. Bc4 R6e7 27. Bd5
b6 28. Bg5 Nf6 29. Bxf6 gxf6 30. Kf1 Kg7 31. a4 Kg6 32. f4 f5 33. e5 f6 34. e6
h6 35. Ra2 Bd6 36. Rf2 h5 37. g3 Kh6 38. Rg2 Kh7 39. Ke2 Kg7 40. Kf3 Kh6 41. g4
fxg4+ 42. hxg4 hxg4+ 43. Rxg4 Rg7 44. Rh1# 1-0

[Event "6. Lovsprings EMT Basis 4 1994"]
[Site "Ringsted"]
[Date "1994.05.01"]]
[Round "5"]
[White "Larsen, Ole"]
[Black "Kristensen, Benny"]
[Result "0-1"]
[WhiteElo "1418"]
[BlackElo "1340"]
[PlyCount "58"]
[EventDate "1994.??.??"]

1. e4 g6 2. d4 Bg7 3. c4 d6 4. Nc3 Nf6 5. f4 c5 6. d5 e6 7. Be2 exd5 8. exd5
O-O 9. Nf3 Re8 10. O-O Ng4 11. Ng5 Bd4+ 12. Kh1 Nf2+ 13. Rxf2 Bxf2 14. Nge4 Bd4
15. Bd3 Bf5 16. Qf3 Qe7 17. Bd2 Bxc3 18. Nxc3 Bxd3 19. Qxd3 Nd7 20. Nb5 Nf6 21.
Rf1 a6 22. Nc3 Ne4 23. Nxe4 Qxe4 24. Rf3 Qxd3 25. Rxd3 b5 26. b3 bxc4 27. bxc4
Rab8 28. h3 Rb1+ 29. Kh2 Rd1 0-1

[Event "6. Lovsprings EMT Basis 4 1994"]
[Site "Ringsted"]
[Date "1994.05.01"]]
[Round "5"]
[White "Nielsen, Kurt"]
[Black "Rasmussen, Bent"]
[Result "0-1"]
[WhiteElo "1286"]
[BlackElo "1302"]
[PlyCount "96"]
[EventDate "1994.??.??"]

1. Nf3 Nf6 2. c4 e6 3. Nc3 c5 4. g3 Nc6 5. Bg2 Be7 6. O-O O-O 7. d4 cxd4 8.
Nxd4 a6 9. Bf4 Qb6 10. Nxc6 bxc6 11. b3 Bb7 12. Ne4 d5 13. Nxf6+ Bxf6 14. Rc1
Rad8 15. c5 Qa7 16. Qd2 Bc8 17. Rfd1 Be7 18. b4 f6 19. Qb2 e5 20. Bd2 Qa8 21.
e4 d4 22. f4 Be6 23. f5 Bf7 24. Be1 Rd7 25. Bf1 Rb8 26. a3 Qa7 27. Bc4 Bxc4 28.
Rxc4 a5 29. Qa2 Kf8 30. Qc2 axb4 31. Bxb4 Bd8 32. Rd3 Ba5 33. g4 Bxb4 34. axb4
Rb5 35. Qb2 Qb8 36. Rh3 h6 37. Qd2 Ra7 38. Rxh6 gxh6 39. Qxh6+ Kg8 40. Qxf6 Rg7
41. Qe6+ Kh8 42. h3 Qc7 43. Qh6+ Kg8 44. Qe6+ Qf7 45. Qc8+ Kh7 46. Rc1 Rxb4 47.
Qxc6 Qb3 48. Re1 Qg3+ 0-1

[Event "6. Lovsprings EMT Basis 4 1994"]
[Site "Ringsted"]
[Date "1994.05.01"]]
[Round "5"]
[White "Riise, Kim"]
[Black "Youssef, Samir"]
[Result "1-0"]
[WhiteElo "1308"]
[BlackElo "1344"]
[PlyCount "107"]
[EventDate "1994.??.??"]

1. Nf3 Nf6 2. d4 c6 3. Bf4 Qa5+ 4. Qd2 Qb6 5. Nc3 d6 6. Rb1 Bf5 7. e3 h6 8. Bd3
Bxd3 9. cxd3 Nh5 10. e4 g5 11. Be3 Qc7 12. b4 b5 13. h4 g4 14. Nh2 g3 15. Ng4
gxf2+ 16. Qxf2 Nd7 17. Rf1 Ndf6 18. Nxf6+ Nxf6 19. Rc1 Qb8 20. Qf5 Rg8 21. e5
dxe5 22. dxe5 Rxg2 23. exf6 e6 24. Qf3 Qg3+ 25. Qxg3 Rxg3 26. Kf2 Rg4 27. Rg1
Rxb4 28. Rg8 Kd7 29. Kf3 Rb8 30. Bc5 Bxc5 31. Rxb8 Rxh4 32. Ne4 Bb6 33. Rb7+
Bc7 34. Rg1 a5 35. Rg7 Kc8 36. Rxc7+ Kxc7 37. Rxf7+ Kb6 38. Re7 Rh3+ 39. Ng3 h5
40. f7 h4 41. f8=Q Rxg3+ 42. Kf2 Rxd3 43. Ke2 Rd6 44. Rb7+ Kxb7 45. Qxd6 Kb6
46. Qxe6 b4 47. Qh3 Kb5 48. Qxh4 c5 49. Kd2 c4 50. Kc2 a4 51. Qg5+ Kc6 52. a3
bxa3 53. Kb1 Kb6 54. Ka2 1-0

[Event "6. Lovsprings EMT Basis 4 1994"]
[Site "Ringsted"]
[Date "1994.05.01"]]
[Round "5"]
[White "Steffensen, Ole"]
[Black "Helleberg, Jorgen"]
[Result "1/2-1/2"]
[WhiteElo "1300"]
[BlackElo "1395"]
[PlyCount "63"]
[EventDate "1994.??.??"]

1. Nf3 Nf6 2. d4 e6 3. e3 b6 4. a3 d5 5. Nc3 Bb7 6. Be2 c5 7. O-O Nbd7 8. Nd2
Be7 9. b3 O-O 10. Bb2 cxd4 11. exd4 Rc8 12. Bd3 a6 13. Qf3 Bd6 14. Ne2 Re8 15.
Ng3 Qc7 16. a4 Bf4 17. Qd1 Qb8 18. Ra2 Rcd8 19. Re1 Qc7 20. Nf3 Nb8 21. Ne5
Bxg3 22. hxg3 Nc6 23. c3 Nd7 24. Qh5 Nf6 25. Qe2 Nb8 26. f3 Nbd7 27. Kf2 Nxe5
28. Qxe5 Qxe5 29. Rxe5 Nd7 30. Re2 Nf6 31. Ra1 Rc8 32. Rh1 1/2-1/2

[Event "6. Lovsprings EMT Basis 4 1994"]
[Site "Ringsted"]
[Date "1994.05.08"]]
[Round "6"]
[White "Jensen, Finn Anker"]
[Black "Larsen, Ole"]
[Result "0-1"]
[WhiteElo "1280"]
[BlackElo "1418"]
[PlyCount "44"]
[EventDate "1994.??.??"]

1. c4 e6 2. d4 d5 3. Nf3 dxc4 4. Qa4+ Bd7 5. Qxc4 Nf6 6. Ne5 Nc6 7. a3 Nxe5 8.
dxe5 Nd5 9. Nc3 Nb6 10. Qd3 Bc6 11. Be3 Na4 12. Nxa4 Bxa4 13. Rc1 c6 14. g3
Qa5+ 15. Qc3 Qd5 16. f3 Rd8 17. Bxa7 g6 18. e4 Qd7 19. b3 Bxb3 20. Bb6 Bxa3 21.
Qxb3 Bxc1 22. Bxd8 Qd2# 0-1

[Event "6. Lovsprings EMT Basis 4 1994"]
[Site "Ringsted"]
[Date "1994.05.08"]]
[Round "6"]
[White "Larsen, Jesper Dyberg"]
[Black "Youssef, Samir"]
[Result "0-1"]
[WhiteElo "1378"]
[BlackElo "1344"]
[PlyCount "58"]
[EventDate "1994.??.??"]

1. e4 c5 2. Nf3 d6 3. Bc4 e6 4. Nc3 g6 5. d3 Bg7 6. Bd2 a6 7. Rb1 b5 8. Bb3 Nc6
9. a3 Nge7 10. O-O Qc7 11. Re1 O-O 12. Ng5 Nd4 13. Ba2 a5 14. Ne2 Nec6 15. c3
Nxe2+ 16. Qxe2 b4 17. Qg4 Ne5 18. Qh3 h6 19. Nf3 Nxf3+ 20. Qxf3 Bb7 21. Qh3 Kh7
22. Re3 d5 23. exd5 Bxd5 24. Bxd5 exd5 25. cxb4 cxb4 26. axb4 Qc2 27. Rbe1 Qxd2
28. b5 Rae8 29. b6 Qxe1+ 0-1

[Event "6. Lovsprings EMT Basis 4 1994"]
[Site "Ringsted"]
[Date "1994.05.08"]]
[Round "6"]
[White "Rasmussen, Bent"]
[Black "Krag Jacobsen, Alan"]
[Result "1-0"]
[WhiteElo "1302"]
[BlackElo "1278"]
[PlyCount "53"]
[EventDate "1994.??.??"]

1. e4 e6 2. Nf3 Nf6 3. e5 Nd5 4. d4 d6 5. Be2 Nc6 6. O-O Bd7 7. c3 dxe5 8. dxe5
a6 9. Bd3 Bc5 10. Qc2 h6 11. Be4 Nce7 12. b4 Ba7 13. a3 Bc6 14. Rd1 Qc8 15. c4
Nb6 16. Nc3 Nxc4 17. Bxc6+ Nxc6 18. Qe4 Nb6 19. Be3 O-O 20. Qg4 Kh8 21. Qh4 Rd8
22. Bxh6 gxh6 23. Qxh6+ Kg8 24. Ne4 f6 25. Nxf6+ Kf7 26. Ng5+ Ke7 27. Qg7# 1-0

[Event "6. Lovsprings EMT Basis 4 1994"]
[Site "Ringsted"]
[Date "1994.05.08"]]
[Round "6"]
[White "Steffensen, Hans Henrik"]
[Black "Kemp, Arne"]
[Result "1-0"]
[WhiteElo "1411"]
[BlackElo "1279"]
[PlyCount "119"]
[EventDate "1994.??.??"]

1. e4 c5 2. Bc4 e6 3. Nc3 Nc6 4. Nf3 d6 5. O-O Nf6 6. a3 Be7 7. d4 cxd4 8. Nxd4
a6 9. Be3 Qc7 10. f4 O-O 11. Bd3 Bd7 12. h3 Nxd4 13. Bxd4 Bc6 14. g4 e5 15. Be3
Nd7 16. Nd5 Bxd5 17. exd5 exf4 18. Bxf4 Bf6 19. Rb1 g6 20. c3 Qc5+ 21. Kg2
Qxd5+ 22. Qf3 Qxf3+ 23. Rxf3 Ne5 24. Re3 Rfe8 25. Rbe1 Re7 26. Bc2 Rae8 27. g5
Bg7 28. Bb3 Kf8 29. Bd5 b5 30. b3 Kg8 31. c4 bxc4 32. bxc4 Kf8 33. Kf1 Rc7 34.
Bg3 Rce7 35. R1e2 Rc7 36. Be1 Rce7 37. Bb4 Rd8 38. Ba5 Rdd7 39. Bb4 Rd8 40. Ba5
Rdd7 41. Bb4 f6 42. c5 Nf7 43. Be6 Rd8 44. Ba5 Rb8 45. c6 Rbe8 46. c7 Ne5 47.
c8=Q Rxc8 48. Bxc8 Nc6 49. Bc3 Rxe3 50. Rxe3 fxg5 51. Bxg7+ Kxg7 52. Bxa6 Ne5
53. a4 Kf6 54. Re2 g4 55. hxg4 Nxg4 56. Bb7 h5 57. a5 h4 58. a6 h3 59. a7 h2
60. a8=Q 1-0

[Event "6. Lovsprings EMT Basis 4 1994"]
[Site "Ringsted"]
[Date "1994.05.08"]]
[Round "6"]
[White "Steffensen, Ole"]
[Black "Brons, Brian"]
[Result "1-0"]
[WhiteElo "1300"]
[BlackElo "1284"]
[PlyCount "101"]
[EventDate "1994.??.??"]

1. Nf3 Nf6 2. d3 d5 3. e3 Bg4 4. Be2 e6 5. O-O Bxf3 6. Bxf3 Be7 7. Qe2 O-O 8.
Rd1 c5 9. e4 Nc6 10. c3 Qc7 11. Bg5 Rad8 12. Bh4 d4 13. Bg3 e5 14. c4 Bd6 15.
Na3 a6 16. Qd2 h6 17. Be2 Rfe8 18. Bh4 Be7 19. Bg3 Bd6 20. f3 Nh5 21. Kf2 Nxg3
22. hxg3 Re6 23. Rh1 Bf8 24. Rh4 Qe7 25. Nc2 Rdd6 26. Rah1 Rg6 27. R4h3 Rde6
28. Rh5 Qd8 29. f4 exf4 30. gxf4 Re8 31. g3 Qc7 32. Rf5 Ree6 33. Bf3 Rgf6 34.
Rxf6 Rxf6 35. Re1 Rg6 36. e5 Qc8 37. Qe2 Qh3 38. Rg1 Qd7 39. Bh5 Qe7 40. Bxg6
fxg6 41. a3 g5 42. Qf3 g6 43. Qe4 Kg7 44. Ne1 Qe6 45. Nf3 g4 46. Nd2 Be7 47.
Qd5 Qf5 48. Ne4 g5 49. Nd6 Qxd3 50. Qf7+ Kh8 51. Nf5 1-0

[Event "6. Lovsprings EMT Basis 4 1994"]
[Site "Ringsted"]
[Date "1994.05.08"]]
[Round "6"]
[White "Tanggaard, Stig"]
[Black "Larsen, Anders"]
[Result "0-1"]
[WhiteElo "1354"]
[BlackElo "1204"]
[PlyCount "98"]
[EventDate "1994.??.??"]

1. e4 d5 2. exd5 c6 3. dxc6 Nxc6 4. Nf3 Nf6 5. Be2 e6 6. O-O Bc5 7. c3 O-O 8.
d4 Bb6 9. Bg5 Re8 10. Bb5 Bd7 11. Bxc6 Bxc6 12. Ne5 Bb5 13. Re1 Rc8 14. Nd2 h6
15. Bxf6 gxf6 16. Ng4 Kg7 17. Qc1 f5 18. Ne5 Bxd4 19. Ndf3 Bb6 20. Qf4 Qe7 21.
Nd4 Bxd4 22. cxd4 Kh7 23. Re3 Rg8 24. Rh3 Qf8 25. Nxf7 Rg6 26. Ne5 Rf6 27. a4
Be8 28. Rc1 Bxa4 29. Rxc8 Qxc8 30. Nf7 Qf8 31. Ng5+ Kh8 32. Qc7 Qg8 33. Qe5
Qxg5 34. f4 Qg7 35. Rg3 Qf7 36. Qb8+ Kh7 37. Qxa7 Bc6 38. Qb8 Rg6 39. Rxg6 Qxg6
40. Qc7+ Qg7 41. Qxg7+ Kxg7 42. h3 h5 43. Kf2 Kf6 44. g3 Ke7 45. Ke3 Kd6 46. h4
Kd5 47. b3 b6 48. Kd3 Bb5+ 49. Ke3 Ba6 0-1

[Event "6. Lovsprings EMT Basis 4 1994"]
[Site "Ringsted"]
[Date "1994.05.22"]]
[Round "7"]
[White "Hansen, Erik Olsgaard"]
[Black "Youssef, Samir"]
[Result "1/2-1/2"]
[WhiteElo "1328"]
[BlackElo "1344"]
[PlyCount "113"]
[EventDate "1994.??.??"]

1. d4 Nf6 2. c4 g6 3. Nc3 d5 4. cxd5 Nxd5 5. e4 Nxc3 6. bxc3 c5 7. Bc4 Bg7 8.
Be3 Nc6 9. Ne2 cxd4 10. cxd4 Qa5+ 11. Bd2 Qc7 12. Rc1 Qd8 13. d5 Ne5 14. O-O
Bd7 15. Be3 O-O 16. Bb3 Bb5 17. Bc2 Rc8 18. Bd4 Qd6 19. f4 Qa6 20. Bxe5 Bxe2
21. Qd2 Bxe5 22. Rf2 Bb2 23. Rb1 Qxa2 24. Rxe2 Rc4 25. Bd3 Bd4+ 26. Kf1 Qxd2
27. Rxd2 Rc7 28. Be2 Be3 29. Ra2 Bxf4 30. Rxa7 Bxh2 31. Rbxb7 Rxb7 32. Rxb7 f5
33. Rxe7 fxe4+ 34. Ke1 Bg3+ 35. Kd1 Rf5 36. Bc4 Re5 37. d6+ Kf8 38. Rf7+ Ke8
39. d7+ Kd8 40. Rxh7 Re7 41. Rxe7 Kxe7 42. Be6 Bc7 43. Bg4 Kf6 44. Ke2 Ke5 45.
Ke3 Bb6+ 46. Ke2 Kf4 47. Be6 Ke5 48. Bg4 Kf4 49. Be6 g5 50. g4 Ke5 51. Bf5 Bd8
52. Ke3 Bb6+ 53. Ke2 Kf4 54. Be6 e3 55. Bf5 Bd8 56. Be6 Ke5 57. Bf5 1/2-1/2

[Event "6. Lovsprings EMT Basis 4 1994"]
[Site "Ringsted"]
[Date "1994.05.22"]]
[Round "7"]
[White "Kemp, Arne"]
[Black "Helleberg, Jorgen"]
[Result "1-0"]
[WhiteElo "1279"]
[BlackElo "1395"]
[PlyCount "31"]
[EventDate "1994.??.??"]

1. d4 Nf6 2. c4 e6 3. Nc3 Bb4 4. Qc2 O-O 5. Bg5 h6 6. Bh4 d5 7. e3 Nbd7 8. Nf3
c6 9. Bd3 Qa5 10. O-O dxc4 11. Bxc4 e5 12. Bxf6 Bxc3 13. Bxe5 Nxe5 14. Nxe5 Bb4
15. Qb3 Bd6 16. Bxf7+ 1-0

[Event "6. Lovsprings EMT Basis 4 1994"]
[Site "Ringsted"]
[Date "1994.05.22"]]
[Round "7"]
[White "Krag Jacobsen, Alan"]
[Black "Steffensen, Hans Henrik"]
[Result "0-1"]
[WhiteElo "1278"]
[BlackElo "1411"]
[PlyCount "132"]
[EventDate "1994.??.??"]

1. c4 b6 2. e4 Bb7 3. Nc3 g6 4. d3 Bg7 5. Bd2 d6 6. Nge2 Nd7 7. Rb1 e6 8. g3
Ne5 9. Nf4 Ne7 10. Be3 Qd7 11. Bg2 c5 12. Qd2 Ng4 13. a3 Nxe3 14. fxe3 h5 15.
d4 cxd4 16. exd4 Rd8 17. d5 e5 18. Nd3 h4 19. gxh4 Rxh4 20. Qg5 Rh7 21. Ne2 Qa4
22. Qc1 Qd7 23. h3 Ng8 24. Rf1 Qe7 25. Kd1 Bc8 26. Rf3 Nf6 27. Nf2 Nh5 28. Qc3
Bh6 29. Kc2 Qg5 30. Rg1 Qe7 31. Nd3 Nf6 32. Rff1 Be3 33. Rh1 Rh4 34. Qe1 Bg5
35. Nb4 Bd7 36. Qg3 Nxe4 37. Bxe4 Rxe4 38. Nc3 Rxc4 39. h4 Bh6 40. Rf2 Bf5+ 41.
Kb3 Rg4 42. Qh2 Qb7 43. Nc6 Rd7 44. h5 Qa6 45. Ka2 Qc4+ 46. Ka1 Bf4 47. Rxf4
Qxf4 48. h6 Qxh2 49. Rxh2 g5 50. h7 Bxh7 51. Rxh7 Rh4 52. Rg7 f6 53. Rg8+ Kf7
54. Ra8 Rh7 55. Nd8+ Kg6 56. Ne6 Rh1+ 57. Ka2 Rf7 58. Ne4 Re7 59. Nxd6 Rd1 60.
Rg8+ Kh7 61. Rc8 Rxd5 62. Nf8+ Kg7 63. Nf5+ Kf7 64. Nxe7 Kxe7 65. Ng6+ Kf7 66.
Nh8+ Kg7 0-1

[Event "6. Lovsprings EMT Basis 4 1994"]
[Site "Ringsted"]
[Date "1994.05.22"]]
[Round "7"]
[White "Larsen, Jesper Dyberg"]
[Black "Rasmussen, Bent"]
[Result "1-0"]
[WhiteElo "1378"]
[BlackElo "1302"]
[PlyCount "75"]
[EventDate "1994.??.??"]

1. e4 e5 2. Nf3 d6 3. Bc4 Bg4 4. c3 Nf6 5. Qb3 Nxe4 6. Qxb7 Bxf3 7. gxf3 Nxf2
8. Bb5+ Nd7 9. Kxf2 Rb8 10. Bxd7+ Kxd7 11. Qe4 g6 12. h4 Be7 13. d3 c6 14. b4
f5 15. Qe3 Rb7 16. f4 Bxh4+ 17. Kf1 Bf6 18. fxe5 dxe5 19. a3 Qc7 20. Ra2 Ke6
21. Nd2 h6 22. Rxh6 Rxh6 23. Qxh6 Qd8 24. Qe3 Rh7 25. Nf3 Rh1+ 26. Ng1 e4 27.
dxe4 Qd1+ 28. Kg2 Rxg1+ 29. Qxg1 Qg4+ 30. Kf1 Qd1+ 31. Kg2 Qg4+ 32. Kh1 Qxe4+
33. Rg2 Bxc3 34. Qf2 Kd5 35. Qc5+ Ke6 36. Qe3 Qxe3 37. Bxe3 Kf6 38. Bxa7 1-0

[Event "6. Lovsprings EMT Basis 4 1994"]
[Site "Ringsted"]
[Date "1994.05.22"]]
[Round "7"]
[White "Larsen, Ole"]
[Black "Keinicke, Mads"]
[Result "1/2-1/2"]
[WhiteElo "1418"]
[BlackElo "1291"]
[PlyCount "22"]
[EventDate "1994.??.??"]

1. e4 e6 2. d4 d5 3. e5 c5 4. c3 Nc6 5. Be3 cxd4 6. Bxd4 Nxd4 7. Qxd4 Ne7 8.
Nd2 Nc6 9. Bb5 Bd7 10. Bxc6 Bxc6 11. Ngf3 Be7 1/2-1/2

[Event "6. Lovsprings EMT Basis 4 1994"]
[Site "Ringsted"]
[Date "1994.05.22"]]
[Round "7"]
[White "Riise, Kim"]
[Black "Larsen, Anders"]
[Result "1-0"]
[WhiteElo "1308"]
[BlackElo "1204"]
[PlyCount "50"]
[EventDate "1994.??.??"]

1. Nf3 d5 2. g3 Bf5 3. Bg2 e6 4. d4 Be7 5. O-O Be4 6. Nbd2 Nf6 7. Nxe4 Nxe4 8.
Nd2 Nxd2 9. Bxd2 Nc6 10. c3 h5 11. e4 Qd7 12. exd5 exd5 13. Qf3 O-O-O 14. Qxf7
h4 15. Rae1 hxg3 16. fxg3 Kb8 17. Qe6 Qe8 18. Qg4 Qh5 19. Qxh5 Rxh5 20. b4 Bf6
21. Bf4 Rhh8 22. b5 Na5 23. Be5 Rhe8 24. Bxf6 Rxe1 25. Bxd8 Rxf1+ 1-0

[Event "6. Lovsprings EMT Basis 4 1994"]
[Site "Ringsted"]
[Date "1994.05.22"]]
[Round "7"]
[White "Steffensen, Ole"]
[Black "Jensen, Finn Anker"]
[Result "0-1"]
[WhiteElo "1300"]
[BlackElo "1280"]
[PlyCount "97"]
[EventDate "1994.??.??"]

1. e4 c6 2. d4 d5 3. e5 Bf5 4. a3 e6 5. Bd3 Bxd3 6. Qxd3 Qb6 7. Nf3 Nd7 8. O-O
O-O-O 9. Nbd2 f6 10. b4 fxe5 11. dxe5 c5 12. Qc3 Qc7 13. Nb3 b6 14. Bf4 Ne7 15.
Bg3 Nf5 16. Ng5 Nxg3 17. fxg3 Nxe5 18. Nxe6 Qd7 19. Nxd8 d4 20. Qe1 Bd6 21. Qe4
Rxd8 22. Kh1 g6 23. Rf6 Bc7 24. bxc5 d3 25. cxd3 Nxd3 26. cxb6 Nf2+ 27. Kg1
Nxe4 28. bxa7 Qa4 29. Rf3 Qxa7+ 30. Kh1 Nf2+ 31. Kg1 Rd1+ 32. Rxd1 Nxd1+ 33.
Kf1 Ne3+ 34. Ke2 Nxg2 35. h3 Qxa3 36. Nd4 Qb2+ 37. Kd3 Ne1+ 38. Ke4 Nxf3 39.
Nxf3 Bxg3 40. h4 Qc2+ 41. Kd5 Bxh4 42. Nxh4 Qb3+ 43. Ke5 Qg3+ 44. Kf6 Qxh4+ 45.
Kg7 Kd7 46. Kg8 Qh6 47. Kf7 g5 48. Kg8 Ke7 49. Kh8 0-1

[Event "6. Lovsprings EMT Basis 4 1994"]
[Site "Ringsted"]
[Date "1994.05.22"]]
[Round "7"]
[White "Tanggaard, Stig"]
[Black "Kristensen, Benny"]
[Result "1-0"]
[WhiteElo "1354"]
[BlackElo "1340"]
[PlyCount "67"]
[EventDate "1994.??.??"]

1. e4 d5 2. exd5 Qxd5 3. Nc3 Qa5 4. Nf3 Nf6 5. Be2 Bf5 6. O-O c6 7. d4 e6 8. a3
Nbd7 9. Bf4 Nd5 10. Nxd5 cxd5 11. Ne5 Nxe5 12. Bxe5 Bg6 13. Bh5 Qd8 14. Re1 Qg5
15. Bxg6 Qxg6 16. c4 Kd8 17. cxd5 exd5 18. Qb3 Qc6 19. Rac1 Qd7 20. Rc7 Qxc7
21. Bxc7+ Kxc7 22. Qxd5 Rc8 23. Qxf7+ Kb8 24. Re8 Bd6 25. Rxh8 Rxh8 26. Qxg7
Re8 27. g3 Re1+ 28. Kg2 Re7 29. Qf6 Rd7 30. Qe6 Kc7 31. Qc4+ Kb8 32. b4 Rc7 33.
Qg8+ Rc8 34. Qxh7 1-0